Técnicas de liberación posicional

Kaydedildi:
Detaylı Bibliyografya
Yazar: Chaitow, Leon (Yazar)
Materyal Türü: Kitap
Dil:İspanyolca
Baskı/Yayın Bilgisi: Barcelona Elsevier 2009
Edisyon:3a. ed
Seri Bilgileri:Biblioteca Chaitow de Terapias Manuales
Konular:
Etiketler: Etiketle
Etiket eklenmemiş, İlk siz ekleyin!

MARC

LEADER 00000cam a2200000 a 4500
001 UCD7309
003 CL-VaPUC
008 170317e20090000sp |||||||||||||||||spa|d
020 |a 9788480864237 
082 0 4 |a 616.7  |b CHA  |2 21 
100 0 |a Chaitow, Leon  |e author  |9 591290 
245 1 0 |a Técnicas de liberación posicional 
250 |a 3a. ed 
300 |a 292 p 
942 |c BK 
945 |d 20170317 22:16:00  |a arojas 
260 |a Barcelona  |b Elsevier  |c 2009 
500 |a Incluye DVD 
650 0 |a Músculos  |9 269552 
650 7 |a CRANEO  |2 CL-VaPUC  |9 532723 
650 7 |a HOMBRO  |2 CL-VaPUC  |9 591291 
650 7 |a EJERCICIOS MUSCULARES  |2 CL-VaPUC  |9 308842 
583 |a last modification  |c 20171004 03:50:08  |k Rodrigo Vera 
490 0 |a Biblioteca Chaitow de Terapias Manuales 
999 |c 367371  |d 367369 
952 |0 0  |1 0  |3 erb  |4 0  |6 616_700000000000000_CHA_2009  |7 0  |8 A  |9 482210  |a BIBCUR  |b BIBCUR  |i 5364833  |l 1  |o 616.7 CHA 2009  |p 5364833  |r 2025-04-22  |s 2022-04-08  |w 2019-11-24  |y BK  |z Catalogado en:20170317  |k KIN 
952 |0 0  |1 0  |3 erb  |4 0  |6 616_700000000000000_CHA_2009  |7 0  |8 A  |9 482211  |a BIBCUR  |b BIBCUR  |i 5364841  |l 2  |o 616.7 CHA 2009  |p 5364841  |r 2025-04-22  |s 2022-03-18  |w 2019-11-24  |y BK  |z Catalogado en:20170317  |k KIN